Bài giảng quang học 1
Bài giảng giới thiệu cơ sở quan hình học, dụng cụ quang học, cơ sở quang học sóng - giao thoa ánh sáng, nhiễu xạ ánh sáng, phân cực ánh sáng.
Na minha lista:
| Autor principal: | |
|---|---|
| Formato: | Livro |
| Idioma: | Undetermined |
| Publicado em: |
Cần Thơ
Trường Đại học Cần Thơ
2000
|
| Assuntos: | |
| Tags: |
Adicionar Tag
Sem tags, seja o primeiro a adicionar uma tag!
|
| Thư viện lưu trữ: | Trung tâm Học liệu Trường Đại học Cần Thơ |
|---|
| LEADER | 00735nam a2200193Ia 4500 | ||
|---|---|---|---|
| 001 | CTU_36416 | ||
| 008 | 210402s9999 xx 000 0 und d | ||
| 082 | |a 535 | ||
| 082 | |b S300 | ||
| 100 | |a Vương, Tấn Sĩ | ||
| 245 | 0 | |a Bài giảng quang học 1 | |
| 245 | 0 | |c Vương Tấn Sĩ (Biên soạn) | |
| 260 | |a Cần Thơ | ||
| 260 | |b Trường Đại học Cần Thơ | ||
| 260 | |c 2000 | ||
| 520 | |a Bài giảng giới thiệu cơ sở quan hình học, dụng cụ quang học, cơ sở quang học sóng - giao thoa ánh sáng, nhiễu xạ ánh sáng, phân cực ánh sáng. | ||
| 650 | |a Optics | ||
| 904 | |i Minh | ||
| 980 | |a Trung tâm Học liệu Trường Đại học Cần Thơ | ||